| 000 | 00653nam a2200205 i 4500 | ||
|---|---|---|---|
| 001 | 129028 | ||
| 003 | ES-MaACL | ||
| 005 | 20230906193426.0 | ||
| 007 | t| | ||
| 008 | 070604s1972 sp ||||1| spa d | ||
| 080 | _a33(088.3) | ||
| 100 | 1 |
_aTeci Fares, Manuel. _9109500 |
|
| 245 | 1 | 3 |
_aLa biblia del economista _b: anacronología de tópicos para iniciados / _celaborada por Manuel Teci Fares ; ilustraciones: Colau. |
| 250 | _a[1ª ed.]. | ||
| 260 |
_a[Barcelona : _bVicens-Vives, _c1972] |
||
| 300 |
_a1 v. : _bil. ; _c18 cm. |
||
| 650 | 1 | 4 |
_aEconomistas- _vAnécdotas. _912041 |
| 700 | 1 |
_aColau. _939552 |
|
| 852 |
_aES-MaACL _jP-1900 _bR.82145 |
||
| 999 |
_c129028 _d129028 |
||